000 01062cab a2200277 4500
001 WB2639-06
008 090401t1990 xxu||||| |||| 00| 0 eng d
035 _a(Sirsi) u74718
041 _aeng
245 _aCommercial property
260 _c1990
350 _a0
490 _aDaily Telegraph
_v2/10/90 10 pages LOAN
520 _aSpecial report on commercial property covering a comparison of the current slump and that of the mid- 1970s ; the role of inhouse research departments ; provincial centres ; the effects of the M40 ; Manchester `s business parks ; the effects of the new rateable values ; planning problems caused by non-conforming property users; foreign investment , the effects of the recession on chartered surveyors and floorspace in London .
650 _aBIRMINGHAM
650 _aBROOKLANDS
650 _aKUMAGAI-GUMI
650 _aMAYFAIR
650 _aOXFORD
650 _aRETAIL
650 _aUNIFORM BUSINESS RATE
650 _aWARWICK
690 _aPROPERTY-COMMERCIAL PROPERTY
942 _n0
948 _c04/03/1997
999 _c47081
_d47081